000 00744nam a2200253Ia 4500
003 OSt
005 20220928101707.0
006 a|||||r|||| 00| 0
007 ta
008 220927b |||||||| |||| 00| 0 san d
020 _c200
024 _a114306
037 _b166, 02/01/2012, Vidyanidhi Prakashan
_cTextual
040 _aSDCL
_cSDCL
_bsan
041 _2san
_asan
082 _aP15:3, Q1
100 _aJha Ramesh
_9393810
245 0 _aUnadi-Nisha-Pann-Shabdana Viyutpati-Vigyanam.
260 _aJaipur
_bRashtiya Sanskrit Sahitya Kendra
_c2011
300 _a112p
_ccm.
650 _aSanskrit
_9391587
942 _hP15:3, Q1
_cTEXL
_2CC
999 _c709386
_d709386